Catálogo
 En Linea

Los enemigos de la tierra / (Registro nro. 16762)

Detalles MARC
000 -CABECERA
campo de control de longitud fija 00556nam a2200193 a 4500
001 - NÚMERO DE CONTROL
campo de control 000017237
003 - IDENTIFICADOR DEL NÚMERO DE CONTROL
campo de control OSt
005 - FECHA Y HORA DE LA ÚLTIMA TRANSACCIÓN
campo de control 20201006094025.0
008 - DATOS DE LONGITUD FIJA--INFORMACIÓN GENERAL
campo de control de longitud fija 100322s19uu dr c 000 0 spa d
040 ## - FUENTE DE LA CATALOGACIÓN
Centro catalogador/agencia de origen DO-SdBNP
Lengua de catalogación spa
Centro/agencia transcriptor BNPHU
082 ## - NÚMERO DE LA CLASIFICACIÓN DECIMAL DEWEY
Número de clasificación xxx
Número de documento/Ítem R427e
100 1# - ENTRADA PRINCIPAL--NOMBRE DE PERSONA
Nombre de persona Requena, Andrés Francisco
9 (RLIN) 37897
245 14 - MENCIÓN DE TÍTULO
Título Los enemigos de la tierra /
Mención de responsabilidad, etc. Andrés Francisco Requena.
250 ## - MENCIÓN DE EDICIÓN
Mención de edición 3a ed.
260 ## - PUBLICACIÓN, DISTRIBUCIÓN, ETC.
Lugar de publicación, distribución, etc. Ciudad Trujillo, República Dominicana. :
Nombre del editor, distribuidor, etc. La Nación,
Fecha de publicación, distribución, etc. [19--?].
300 ## - DESCRIPCIÓN FÍSICA
Extensión 236 p. :
Otras características físicas retr. ;
Dimensiones 20 cm.
942 ## - ELEMENTOS DE PUNTO DE ACCESO ADICIONAL (KOHA)
Fuente del sistema de clasificación o colocación Dewey Decimal Classification
Tipo de ítem Koha Libros y folletos
956 ## - LOCALIZACIÓN Y ACCESO ELECTRÓNICOS LOCAL (OCLC)
Nombre del host LOPEREZ
Existencias
Estado de retiro Estado de pérdida Fuente del sistema de clasificación o colocación Restricciones de uso No para préstamo Código de colección Localización permanente Ubicación/localización actual Fecha de adquisición Número de inventario Total de préstamos Signatura topográfica completa Código de barras Fecha visto por última vez Precio válido a partir de Tipo de ítem Koha Nota pública Ubicación en estantería Número de copia
    Dewey Decimal Classification   Excluido de préstamo Raros y valiosos Patrimonio Dominicano Patrimonio Dominicano 22.03.2010 LF1   xxx R427e 17237-10 25.06.2020 25.06.2020 No se presta Perteneció a la biblioteca personal de Martínez Boog.    
        Excluido de préstamo Raros y valiosos Patrimonio Dominicano Patrimonio Dominicano 01.07.2011 LF1   xxx R427e 17237-20 25.06.2020 25.06.2020 No se presta Dedicado Depósito e. 2

Con tecnología Koha